[Event "BL 0405 SC Eppingen - SV Mülheim Nord"]
[Site "?"]
[Date "2005.03.13"]
[Round "13.4"]
[White "Balzar, Andreas Dr"]
[Black "Lytchak, Alexander Dr"]
[Result "1/2-1/2"]
[WhiteElo "2352"]
[BlackElo "2436"]
[PlyCount "67"]
[EventDate "2005.??.??"]

1. e4 e5 2. Nf3 d6 3. d4 Nd7 4. Bc4 c6 5. O-O Be7 6. dxe5 dxe5 7. Ng5 Bxg5 8.
Qh5 Qe7 9. Bxg5 Ngf6 10. Qe2 h6 11. Bh4 Nf8 12. Bxf6 gxf6 13. f4 exf4 14. Rxf4
Ng6 15. Rf1 Ne5 16. Bb3 Rg8 17. Kh1 Bd7 18. Nd2 O-O-O 19. Qf2 Ng4 20. Qxa7 Nxh2
21. Qa8+ Kc7 22. Qa5+ Kb8 23. Kxh2 Rg5 24. Qc3 Rdg8 25. Rf2 Qd6+ 26. Kg1 Rg3
27. e5 Qc7 28. Qc5 Bh3 29. Ne4 Rxg2+ 30. Rxg2 Rxg2+ 31. Kh1 Re2 32. Qf8+ Ka7
33. Qa3+ Kb8 34. Qf8+ 1/2-1/2

[Event "BL 0405 SC Eppingen - SV Mülheim Nord"]
[Site "?"]
[Date "2005.03.13"]
[Round "13.5"]
[White "Hausrath, Daniel"]
[Black "Koch, Wolfgang Max Dr"]
[Result "1-0"]
[WhiteElo "2478"]
[BlackElo "2330"]
[PlyCount "37"]
[EventDate "2005.??.??"]

1. Nf3 g6 2. e4 d6 3. d4 Nf6 4. Nc3 Bg7 5. Bf4 c6 6. Qd2 b5 7. Bd3 Bb7 8. O-O
a6 9. Rad1 O-O 10. Bh6 b4 11. Ne2 c5 12. Bxg7 Kxg7 13. dxc5 dxc5 14. Ng3 Nfd7
15. Bc4 Qc7 16. Qg5 f6 17. Nf5+ Kh8 18. Qh6 gxf5 19. Nh4 1-0

[Event "BL 0405 SC Eppingen - SV Mülheim Nord"]
[Site "?"]
[Date "2005.03.13"]
[Round "13.6"]
[White "Eisenbeiser, Amadeus"]
[Black "Wegener, Olaf"]
[Result "0-1"]
[WhiteElo "2323"]
[BlackElo "2417"]
[PlyCount "79"]
[EventDate "2005.??.??"]

1. e4 c5 2. Nf3 d6 3. d4 cxd4 4. Nxd4 Nf6 5. Nc3 a6 6. Bc4 e6 7. Bb3 b5 8. Bg5
Be7 9. Qf3 Qc7 10. e5 Bb7 11. exd6 Bxd6 12. Qe3 Be5 13. Nce2 Nc6 14. c3 h6 15.
Bh4 g5 16. Bg3 Bxg3 17. hxg3 Qe5 18. Qxe5 Nxe5 19. O-O Ke7 20. a4 bxa4 21. Rxa4
h5 22. f3 h4 23. gxh4 gxh4 24. Nf4 Rag8 25. Re1 Nfd7 26. Kh2 Rg5 27. Re2 Kf6
28. Bc2 Rg3 29. Rf2 Ke7 30. Ra1 Rg5 31. Re1 Kf6 32. Rfe2 Rg3 33. Ba4 Bc8 34.
Nc6 Nxc6 35. Bxc6 Kg7 36. Rd2 Nf6 37. Re5 Kh7 38. Nh3 Rhg8 39. Rd4 Kg7 40. Rg5+
0-1

[Event "BL 0405 SC Eppingen - SV Mülheim Nord"]
[Site "?"]
[Date "2005.03.13"]
[Round "13.7"]
[White "Sielecki, Christof"]
[Black "Dekan, Hans"]
[Result "1/2-1/2"]
[WhiteElo "2375"]
[BlackElo "2159"]
[PlyCount "127"]
[EventDate "2005.??.??"]

1. d4 d5 2. Nf3 Bf5 3. c4 dxc4 4. Nc3 Nf6 5. Ne5 Nbd7 6. Nxc4 Nb6 7. Ne5 e6 8.
f3 Be7 9. e4 Bg6 10. Be3 Nfd7 11. Nxd7 Qxd7 12. Qb3 O-O 13. Be2 Bf6 14. O-O-O
c6 15. g4 Qc7 16. f4 Rfe8 17. h4 h6 18. h5 Bh7 19. Rhg1 Kh8 20. g5 Be7 21. g6
Bg8 22. e5 f5 23. Kb1 Nd5 24. Bd2 Red8 25. Nxd5 exd5 26. Bd3 Be6 27. Bb4 Rd7
28. Bxe7 Rxe7 29. Rc1 Qb6 30. Qa3 Rd7 31. Rc5 Qd8 32. Rh1 Qe7 33. Rc3 Qxa3 34.
Rxa3 Kg8 35. b4 a6 36. Rc1 Rc8 37. Ra5 Rdc7 38. a4 Kf8 39. Rac5 Ke7 40. b5 axb5
41. axb5 Kd8 {(=)} 42. Kb2 Rb8 43. Kb3 Bd7 44. R5c2 Ra8 45. Kb4 Ke7 46. Rc3 Ke6
47. Ra3 Rxa3 48. Kxa3 Rc8 49. Kb2 Ra8 50. Ra1 Rb8 51. Ra7 Ke7 52. Kc3 cxb5 53.
Kb4 Kd8 54. Bxb5 Bxb5 55. Kxb5 Kc7 56. Ra3 Kd7 57. Kb6 Rc8 58. Ra5 Ke6 59. Rc5
Ra8 60. Kxb7 Ra4 61. Rc6+ Ke7 62. Rc7+ Ke6 63. Rxg7 Ra7+ 64. Kxa7 1/2-1/2

[Event "BL 0405 SC Eppingen - SV Mülheim Nord"]
[Site "?"]
[Date "2005.03.13"]
[Round "13.8"]
[White "Rau, Hannes"]
[Black "Kaid, Almar"]
[Result "1/2-1/2"]
[WhiteElo "2384"]
[BlackElo "2275"]
[PlyCount "53"]
[EventDate "2005.??.??"]

1. d4 d5 2. c4 e6 3. Nc3 Nf6 4. cxd5 exd5 5. Bg5 Be7 6. e3 c6 7. Bd3 Nbd7 8.
Qc2 Nh5 9. Bxe7 Qxe7 10. Nge2 g6 11. g4 Ng7 12. h3 Nb6 13. O-O-O Bd7 14. Nf4 g5
15. Nfe2 h5 16. Ng3 O-O-O {(=)} 17. gxh5 Nxh5 18. Nf5 Qf6 19. h4 Kb8 20. hxg5
Qxg5 21. Rdg1 Qf6 22. b3 Bxf5 23. Bxf5 Ng7 24. Bd3 Ne6 25. b4 Qf3 26. Rxh8 Rxh8
27. Qe2 {(=)} 1/2-1/2

[Event "BL 0405 OSC Baden Baden - SF Katernberg"]
[Site "?"]
[Date "2005.03.13"]
[Round "13.1"]
[White "Volokitin, Andrei"]
[Black "Svidler, Peter"]
[Result "0-1"]
[WhiteElo "2652"]
[BlackElo "2735"]
[PlyCount "80"]
[EventDate "2005.??.??"]

1. e4 c5 2. Nf3 e6 3. d4 cxd4 4. Nxd4 a6 5. Nc3 Qc7 6. Bd3 Nf6 7. Qe2 Bd6 8. g4
h6 9. Bd2 Nc6 10. Nxc6 dxc6 11. O-O-O b5 12. h4 g6 13. Kb1 e5 14. g5 Nh5 15.
gxh6 Bf8 16. Bg5 Bxh6 17. Qe3 Bxg5 18. hxg5 Qa7 19. Qd2 Bd7 20. f4 exf4 21. Be2
O-O-O 22. Bxh5 Rxh5 23. Rxh5 gxh5 24. Qxf4 Be6 25. Rh1 Qd4 26. a3 {(=)} a5 27.
Kc1 Bg4 28. Kb1 Rd7 29. Na2 Qd2 30. Qf6 Kb7 31. Nc1 Bd1 32. Qc3 Qxc3 33. bxc3
Rd2 34. Nd3 Bxc2+ 35. Kc1 Re2 36. Nf4 Bxe4 37. Rxh5 Rc2+ 38. Kd1 Rxc3 39. Rh6
Rxa3 40. Rf6 Rg3 0-1

[Event "BL 0405 OSC Baden Baden - SF Katernberg"]
[Site "?"]
[Date "2005.03.13"]
[Round "13.2"]
[White "Movsesian, Sergei"]
[Black "Chuchelov, Vladimir"]
[Result "0-1"]
[WhiteElo "2629"]
[BlackElo "2571"]
[PlyCount "58"]
[EventDate "2005.??.??"]

1. e4 c5 2. Nf3 Nc6 3. Bb5 Nf6 4. e5 Nd5 5. O-O Nc7 6. Bxc6 dxc6 7. h3 Bf5 8.
d3 h6 9. Nbd2 e6 10. Qe2 Nb5 11. Ne4 Nd4 12. Nxd4 Qxd4 13. Ng3 Bg6 14. Kh2 h5
15. f4 h4 16. Nh1 c4 17. dxc4 Bh5 18. Qf2 Qxc4 19. f5 {(=)} exf5 20. Bg5 Bc5
21. Qxf5 Bg6 22. Qf3 Rh5 23. Bf4 O-O-O 24. Nf2 Rf5 25. Nd3 Bh5 26. b3 Qxc2 27.
Rac1 Qxd3 28. Qxd3 Rxd3 29. Rxc5 g5 0-1

[Event "BL 0405 OSC Baden Baden - SF Katernberg"]
[Site "?"]
[Date "2005.03.13"]
[Round "13.4"]
[White "Dautov, Rustem"]
[Black "Moreno Carnero, Javier"]
[Result "1-0"]
[WhiteElo "2623"]
[BlackElo "2512"]
[PlyCount "79"]
[EventDate "2005.??.??"]

1. d4 Nf6 2. c4 g6 3. Nf3 Bg7 4. g3 O-O 5. Bg2 c6 6. O-O d6 7. Nc3 Qb6 8. e3
Re8 9. Nd2 Na6 10. a3 e5 11. d5 cxd5 12. cxd5 Bg4 13. Qc2 Rac8 14. e4 Bd7 15.
Nb3 h5 16. Be3 Qd8 17. h3 Ba4 18. Qd1 Rxc3 19. bxc3 Nd7 20. Qb1 h4 21. Nd2 Nac5
22. Nf3 Bf6 23. c4 Qe7 24. Kh2 Kg7 25. gxh4 Bxh4 26. Nxh4 Qxh4 27. f4 Rh8 28.
fxe5 Nxe5 29. Bxc5 dxc5 30. Qxb7 Bd7 31. Qb2 f6 32. Qc3 g5 33. Rxf6 Ng4+ 34.
Kg1 Nxf6 35. e5 Ne4 36. Bxe4 Bxh3 37. e6+ Kg8 38. Qf3 Bf5 39. Qxf5 Qg3+ 40. Kf1
1-0

[Event "BL 0405 OSC Baden Baden - SF Katernberg"]
[Site "?"]
[Date "2005.03.13"]
[Round "13.6"]
[White "Schlosser, Philipp"]
[Black "Senff, Martin"]
[Result "1-0"]
[WhiteElo "2570"]
[BlackElo "2430"]
[PlyCount "73"]
[EventDate "2005.??.??"]

1. e4 c5 2. Nf3 d6 3. d4 cxd4 4. Nxd4 Nf6 5. Nc3 g6 6. h3 Bg7 7. Be3 Nc6 8. g3
Bd7 9. Bg2 Qc8 10. Qd2 O-O 11. Rc1 Re8 12. Nde2 Rb8 13. Nd5 b5 14. b3 b4 15. c4
bxc3 16. Nexc3 Qd8 17. O-O a5 18. f4 Nxd5 19. exd5 Nb4 20. g4 f5 21. g5 Bb5 22.
Nxb5 Rxb5 23. Rc4 Qd7 24. Rfc1 Rb7 25. h4 Kf7 26. h5 Reb8 27. h6 Bh8 28. Bd4
Qd8 29. Bxh8 Qxh8 30. Qe2 Rd8 31. Kh1 Na6 32. Rc8 Rbd7 33. Qe6+ Ke8 34. Bf1 Nc5
35. R1xc5 dxc5 36. Bb5 Kf8 37. Bxd7 1-0

[Event "BL 0405 OSC Baden Baden - SF Katernberg"]
[Site "?"]
[Date "2005.03.13"]
[Round "13.7"]
[White "Scholz, Christian"]
[Black "Buhmann, Rainer"]
[Result "0-1"]
[WhiteElo "2396"]
[BlackElo "2521"]
[PlyCount "48"]
[EventDate "2005.??.??"]

1. e4 c6 2. d4 d5 3. e5 c5 4. dxc5 Nc6 5. Bb5 e6 6. Be3 Nge7 7. c3 Bd7 8. Bxc6
Bxc6 9. Nf3 Nf5 10. Bd4 Nxd4 11. Qxd4 Qa5 12. b4 Qa6 13. h4 b6 14. cxb6 axb6
15. Nbd2 Be7 16. Qe3 O-O 17. Nd4 Bd7 18. a3 f6 19. N2f3 Qc4 20. Nd2 Qc7 21.
exf6 Bxf6 22. Nxe6 Qxc3 23. Qxc3 Bxc3 24. Nxf8 Re8+ 0-1

[Event "BL 0405 OSC Baden Baden - SF Katernberg"]
[Site "?"]
[Date "2005.03.13"]
[Round "13.8"]
[White "Doettling, Fabian"]
[Black "Siebrecht, Sebastian"]
[Result "1-0"]
[WhiteElo "2526"]
[BlackElo "2366"]
[PlyCount "89"]
[EventDate "2005.??.??"]

1. d4 Nf6 2. Nf3 g6 3. c4 Bg7 4. Nc3 O-O 5. e4 d6 6. h3 e5 7. d5 Na6 8. Bg5 Qe8
9. g4 Bd7 10. Nd2 h6 11. Be3 Qe7 12. Be2 Nh7 13. h4 Rfc8 14. Nf1 Bf6 15. g5
hxg5 16. h5 c6 17. Ng3 Nc7 18. Bg4 cxd5 19. hxg6 fxg6 20. exd5 Ne8 21. Bxd7
Qxd7 22. Qd3 Kg7 23. Nge4 Qf5 24. Kd2 Be7 25. Rag1 a6 26. a4 Bd8 27. Rg3 Ba5
28. Nxg5 Bxc3+ 29. bxc3 Qxd3+ 30. Kxd3 Nxg5 31. Rxg5 Nf6 32. Rhg1 Kf7 33. Rxg6
Rg8 34. Rxg8 Rxg8 35. Rb1 b5 36. axb5 axb5 37. Rxb5 e4+ 38. Kd4 Rg1 39. Rb2
Rd1+ 40. Rd2 Rc1 41. Bg5 Nd7 42. Re2 Ra1 43. Kxe4 Kg6 44. Be3 Ra4 45. Bd4 1-0

[Event "BL 0405 Erfurter SK - SG Köln Porz"]
[Site "?"]
[Date "2005.03.14"]
[Round "13.1"]
[White "Lutz, Christopher"]
[Black "Votava, Jan"]
[Result "1-0"]
[WhiteElo "2596"]
[BlackElo "2505"]
[PlyCount "81"]
[EventDate "2005.??.??"]

1. e4 e5 2. Nf3 Nc6 3. Bb5 Nf6 4. O-O Nxe4 5. d4 Nd6 6. Bxc6 dxc6 7. dxe5 Nf5
8. Qxd8+ Kxd8 9. Nc3 Ne7 10. h3 h6 11. a3 Ng6 12. Re1 Bd7 13. Bd2 b6 14. Ne4
Kc8 15. Rad1 c5 16. Ng3 Be6 17. Nh5 Kb7 18. g4 Rd8 19. Bc3 Bd5 20. Nh2 Be7 21.
f4 Rhg8 22. f5 Nh4 23. Nf4 Bc6 24. e6 Bg5 25. exf7 Bxf4 26. fxg8=Q Rxg8 27. Re6
h5 28. Rf1 Bd6 29. Be5 Bxe5 30. Rxe5 hxg4 31. hxg4 Rd8 32. Kf2 Bb5 33. Rc1 Rd2+
34. Kg3 g5 35. fxg6 Nxg6 36. Nf3 Rd6 37. Re3 Ba4 38. b3 Bc6 39. Rce1 a5 40. Re6
Rxe6 41. Rxe6 1-0

[Event "BL 0405 Erfurter SK - SG Köln Porz"]
[Site "?"]
[Date "2005.03.14"]
[Round "13.3"]
[White "Sokolov, Ivan"]
[Black "Machelett, Heiko"]
[Result "1-0"]
[WhiteElo "2663"]
[BlackElo "2401"]
[PlyCount "81"]
[EventDate "2005.??.??"]

1. d4 Nf6 2. c4 d6 3. Nf3 Bf5 4. Nc3 h6 5. Qb3 Qc8 6. g3 Nbd7 7. Bg2 c6 8. O-O
e5 9. e4 Bh7 10. Re1 Be7 11. Qd1 O-O 12. b3 Re8 13. Bb2 Bf8 14. Nh4 Qc7 15. Rc1
a6 16. d5 a5 17. Rc2 Nc5 18. Bc1 Qb6 19. Ba3 Na6 20. Qf3 Nb4 21. Rce2 cxd5 22.
cxd5 Rac8 23. Bb2 Qa6 24. Rd2 Qb6 25. Bf1 Rc7 26. Na4 Qa7 27. Nc3 Qb6 28. Nf5
Be7 29. Na4 Qa7 30. Bc3 b6 31. a3 Na6 32. Bb5 Rec8 33. Bxe5 Bxf5 34. Qxf5 dxe5
35. d6 Bxd6 36. Rxd6 Nc5 37. Nxb6 Rb8 38. Bc4 Ne8 39. Red1 Nxd6 40. Rxd6 Rf8
41. Nd5 1-0

[Event "BL 0405 Erfurter SK - SG Köln Porz"]
[Site "?"]
[Date "2005.03.14"]
[Round "13.4"]
[White "Casper, Thomas"]
[Black "Vaganian, Rafael A"]
[Result "1/2-1/2"]
[WhiteElo "2412"]
[BlackElo "2640"]
[PlyCount "98"]
[EventDate "2005.??.??"]

1. e4 e6 2. d4 d5 3. Nc3 Bb4 4. exd5 exd5 5. Bd3 Nc6 6. a3 Bxc3+ 7. bxc3 Nf6 8.
Bg5 h6 9. Bxf6 Qxf6 10. Qf3 Qxf3 11. Nxf3 Bg4 12. Nd2 O-O-O 13. Nf1 Bh5 14. Ne3
Bg6 15. Kd2 Bxd3 16. cxd3 h5 17. Rhe1 Rh6 18. Rab1 Rf6 19. Re2 Ne7 20. h4 Rdd6
21. g3 Rb6 22. Rxb6 Rxb6 23. Nc2 Kd7 24. Nb4 Rd6 25. Re1 f6 26. Nc2 Rb6 27. Nb4
Re6 28. Rb1 Rb6 29. Re1 Rd6 30. Nc2 Nf5 31. Rb1 Rb6 32. Rxb6 axb6 33. a4 g5 34.
hxg5 fxg5 35. Ke2 Ke6 36. Kf3 Nd6 37. g4 h4 38. Kg2 c5 39. Kh3 c4 40. dxc4 dxc4
41. f3 b5 42. a5 Ne8 43. Na3 Nc7 44. f4 Kf6 45. fxg5+ Kxg5 46. d5 Nxd5 47. Nxb5
Nf4+ 48. Kh2 Ne2 49. Kh3 Nf4+ 1/2-1/2

[Event "BL 0405 Erfurter SK - SG Köln Porz"]
[Site "?"]
[Date "2005.03.14"]
[Round "13.5"]
[White "Beliavsky, Alexander G"]
[Black "Brueggemann, Joachim"]
[Result "1-0"]
[WhiteElo "2660"]
[BlackElo "2404"]
[PlyCount "95"]
[EventDate "2005.??.??"]

1. d4 Nf6 2. c4 e6 3. g3 Bb4+ 4. Bd2 Bxd2+ 5. Qxd2 O-O 6. Bg2 d6 7. Nc3 Nbd7 8.
Nf3 Re8 9. O-O e5 10. Rad1 h6 11. e4 c6 12. Nh4 Qc7 13. Nf5 Nf8 14. dxe5 dxe5
15. Nd6 Re7 16. c5 b6 17. Qe3 Bg4 18. f3 Be6 19. Rd2 N8d7 20. cxb6 axb6 21. Rc1
Qa7 22. b3 Qa3 23. Rcc2 Nc5 24. Nb1 Qb4 25. Nc4 Nfd7 26. Bf1 f6 27. Rc3 Nb7 28.
a3 Qc5 29. b4 Qxe3+ 30. Nxe3 Nd8 31. Rd6 b5 32. Nf5 Re8 33. Nd2 Kh7 34. Kf2 Nf8
35. Be2 Bd7 36. Bd1 Nde6 37. Rcd3 Ra7 38. Nb3 g6 39. Ne3 Kg7 40. Na5 c5 41. Nd5
Rc8 42. f4 c4 43. Rc3 h5 44. Ke3 Be8 45. Bf3 Rd7 46. Rb6 Rf7 47. Nb7 Rc6 48.
Nd6 1-0

[Event "BL 0405 Erfurter SK - SG Köln Porz"]
[Site "?"]
[Date "2005.03.14"]
[Round "13.6"]
[White "Mueller, Matthias"]
[Black "Graf, Alexander"]
[Result "1/2-1/2"]
[WhiteElo "2362"]
[BlackElo "2646"]
[PlyCount "103"]
[EventDate "2005.??.??"]

1. e4 c6 2. d4 d5 3. Nc3 dxe4 4. Nxe4 Bf5 5. Ng3 Bg6 6. h4 h6 7. Nf3 Nd7 8. h5
Bh7 9. Bd3 Bxd3 10. Qxd3 e6 11. Bf4 Qa5+ 12. Bd2 Qc7 13. c4 Ngf6 14. c5 a5 15.
O-O Be7 16. Rfe1 O-O 17. Rac1 Rfd8 18. Qe2 b6 19. Ne5 Nxe5 20. dxe5 Nd7 21.
cxb6 Nxb6 22. Rc2 Bb4 23. Nf1 Nd5 24. a3 Bf8 25. Qg4 Kh8 26. Qg3 Ne7 27. Qf3
Kg8 28. Qe4 Qd7 29. Ne3 Nd5 30. Ng4 Qb7 31. Qf3 Rd7 32. Re4 Kh8 33. Qg3 Qc7 34.
Rec4 Qd8 35. Rxc6 Ne7 36. Rd6 Rxd6 37. exd6 Nf5 38. Qd3 Qxd6 39. Qxd6 Bxd6 40.
Bc3 Ra7 41. Rd2 a4 42. Nxh6 Nxh6 43. Rxd6 Nf5 44. Rb6 Kh7 45. Rb5 Ne7 46. Ra5
Rxa5 47. Bxa5 Nd5 48. Bd2 g6 49. hxg6+ Kxg6 50. Kf1 Kf5 51. Ke2 Ke4 52. Bh6
1/2-1/2

[Event "BL 0405 Erfurter SK - SG Köln Porz"]
[Site "?"]
[Date "2005.03.14"]
[Round "13.7"]
[White "Gurevich, Mikhail"]
[Black "Voekler, Bernd"]
[Result "1-0"]
[WhiteElo "2644"]
[BlackElo "2376"]
[PlyCount "71"]
[EventDate "2005.??.??"]

1. d4 Nf6 2. c4 g6 3. Nc3 Bg7 4. e4 d6 5. Nf3 O-O 6. Be2 e5 7. O-O Nc6 8. d5
Ne7 9. Nd2 Nd7 10. b4 a5 11. bxa5 Rxa5 12. a4 f5 13. Ba3 Ra8 14. Nb3 Nf6 15. c5
fxe4 16. cxd6 cxd6 17. Nd2 Nf5 18. Ndxe4 Ne8 19. Nb5 Bd7 20. Rb1 Qh4 21. Bd3
Qe7 22. Nbc3 Bc8 23. Rb6 Qd8 24. Qb1 Rf7 25. Bb5 Nf6 26. Nxd6 Qxb6 27. Be8 Nxe8
28. Qxb6 Nfxd6 29. Bxd6 Bf5 30. Bc5 e4 31. Qb4 Bxc3 32. Qxc3 Rxa4 33. Qe5 Nf6
34. h3 Ra5 35. Qb8+ Kg7 36. Bf8+ 1-0

[Event "BL 0405 Erfurter SK - SG Köln Porz"]
[Site "?"]
[Date "2005.03.14"]
[Round "13.8"]
[White "Enders, Peter"]
[Black "Hansen, Curt"]
[Result "0-1"]
[WhiteElo "2456"]
[BlackElo "2633"]
[PlyCount "80"]
[EventDate "2005.??.??"]

1. b3 e5 2. Bb2 Nc6 3. Nf3 e4 4. Nd4 Nxd4 5. Bxd4 d5 6. e3 Nf6 7. d3 Bf5 8. Nd2
c6 9. dxe4 dxe4 10. Be2 Qc7 11. Qc1 Nd5 12. c4 Nb4 13. a3 c5 14. Bc3 Nd3+ 15.
Bxd3 exd3 16. e4 Bg6 17. f3 O-O-O 18. Qb2 f5 19. O-O-O fxe4 20. Nxe4 Bxe4 21.
fxe4 Be7 22. Rhf1 Qxh2 23. Bxg7 Rhg8 24. Rf7 Qh5 25. Rxe7 Qg5+ 26. Kb1 Qxe7 27.
Bf6 Qxe4 28. Bxd8 Rxd8 29. Qf2 b6 30. Kc1 Qe5 31. Kb1 Qe2 32. Qf5+ Rd7 33. Qf8+
Rd8 34. Qf5+ Rd7 35. Qf8+ Kb7 36. Qf3+ Ka6 37. Rc1 Qxf3 38. gxf3 d2 39. Rd1 h5
40. f4 h4 0-1

[Event "BL 0405 SV Werder Bremen - SV Hofheim"]
[Site "?"]
[Date "2005.03.14"]
[Round "13.2"]
[White "Hracek, Zbynek"]
[Black "Ginsburg, Gennadi"]
[Result "1-0"]
[WhiteElo "2595"]
[BlackElo "2481"]
[PlyCount "119"]
[EventDate "2005.??.??"]

1. e4 c5 2. Nf3 e6 3. d4 cxd4 4. Nxd4 a6 5. c4 Nf6 6. Nc3 Qc7 7. a3 Be7 8. Be2
O-O 9. Be3 b6 10. Rc1 Bb7 11. f3 d6 12. O-O Nbd7 13. b4 Rac8 14. Qd2 Qb8 15.
Kh1 Rfe8 16. Rc2 Bd8 17. Na4 Kh8 18. Rb1 Qa8 19. Bf1 Rg8 20. Nb3 Qb8 21. c5 b5
22. Nc3 Be7 23. Bf4 e5 24. cxd6 Qxd6 25. Qxd6 Bxd6 26. Be3 g5 27. Rd1 Be7 28.
Rcc1 g4 29. Be2 h5 30. Kg1 Rc7 31. Kf1 Rgc8 32. Nb1 h4 33. Rxc7 Rxc7 34. Rc1
Rxc1+ 35. Nxc1 h3 36. Nd2 Nf8 37. Nd3 Ng6 38. g3 gxf3 39. Bxf3 Nh7 40. Bg4 Ng5
41. Nf2 Kg7 42. Ke2 f6 43. Kd3 Kf7 44. Nxh3 Ne6 45. Nb3 Bc8 46. Nf2 Bd6 47. h4
Ne7 48. h5 Kg7 49. Bh3 Ng8 50. Bf5 Nh6 51. g4 Nf7 52. Ke2 Nfg5 53. Bxg5 fxg5
54. Nd3 Kf6 55. Ndc5 Bxc5 56. Nxc5 Nxc5 57. bxc5 Bb7 58. Bd7 Bxe4 59. c6 Ke7
60. h6 1-0

[Event "BL 0405 SV Werder Bremen - SV Hofheim"]
[Site "?"]
[Date "2005.03.14"]
[Round "13.3"]
[White "Krivoshey, Sergei"]
[Black "Efimenko, Zahar"]
[Result "1/2-1/2"]
[WhiteElo "2499"]
[BlackElo "2594"]
[PlyCount "45"]
[EventDate "2005.??.??"]

1. Nf3 c5 2. c4 Nc6 3. g3 e5 4. Nc3 g6 5. Bg2 Bg7 6. a3 Nge7 7. O-O d6 8. b4
Be6 9. Ng5 Bf5 10. Nge4 Bxe4 11. Nxe4 f5 12. Nc3 Qd7 13. d3 O-O 14. Rb1 Rab8
15. Qa4 e4 16. Bd2 exd3 17. exd3 Rfd8 18. Nd5 Ne5 19. Qxa7 N7c6 20. Qa4 Ra8 21.
Qb3 Nd4 22. Qa2 Ra7 23. bxc5 1/2-1/2

[Event "BL 0405 SV Werder Bremen - SV Hofheim"]
[Site "?"]
[Date "2005.03.14"]
[Round "13.4"]
[White "Babula, Vlastimil"]
[Black "Zude, Arno"]
[Result "1/2-1/2"]
[WhiteElo "2571"]
[BlackElo "2398"]
[PlyCount "42"]
[EventDate "2005.??.??"]

1. d4 Nf6 2. c4 e6 3. Nf3 d5 4. Nc3 Be7 5. Bg5 h6 6. Bh4 O-O 7. e3 b6 8. Bd3
Bb7 9. O-O Nbd7 10. Bg3 c5 11. cxd5 Nxd5 12. Nxd5 Bxd5 13. Rc1 cxd4 14. Bc7 Qe8
15. Nxd4 Bc5 16. Nb5 Qe7 17. Bg3 Nf6 18. Nc7 Rad8 19. Nxd5 Rxd5 20. Qe2 Rfd8
21. Rfd1 Nh5 1/2-1/2

[Event "BL 0405 SV Werder Bremen - SV Hofheim"]
[Site "?"]
[Date "2005.03.14"]
[Round "13.5"]
[White "Rechel, Bernd"]
[Black "Nyback, Tomi"]
[Result "0-1"]
[WhiteElo "2408"]
[BlackElo "2554"]
[PlyCount "112"]
[EventDate "2005.??.??"]

1. e4 g6 2. d4 Bg7 3. Nc3 d6 4. f4 a6 5. Nf3 b5 6. e5 Nd7 7. e6 fxe6 8. Ng5 Nb6
9. Bd3 Nf6 10. Qe2 c5 11. Nxe6 Bxe6 12. Qxe6 cxd4 13. Ne2 Nfd5 14. Be4 Nc7 15.
Bc6+ Kf8 16. Qh3 Rc8 17. f5 d5 18. O-O Qd6 19. Bb7 Rb8 20. Bf4 Qc5 21. fxg6 Ke8
22. b4 Qc4 23. Bxc7 Qxc7 24. Qe6 hxg6 25. Qxg6+ Kd7 26. Qg4+ Ke8 27. Bc6+ Qxc6
28. Qxg7 Kd7 29. Nxd4 Qd6 30. Qg4+ Kc7 31. Qf4 e5 32. Qf7+ Nd7 33. Ne6+ Kc6 34.
Nc5 Rhf8 35. Qxd7+ Qxd7 36. Nxd7 Kxd7 37. a4 Rxf1+ 38. Kxf1 Rc8 39. axb5 axb5
40. Ra5 Rxc2 41. Rxb5 Ke6 42. Rb8 d4 43. Rd8 Kf5 44. h4 Ke4 45. h5 Ke3 46. g4
Rf2+ 47. Kg1 Rf4 48. Rd5 Rxg4+ 49. Kf1 e4 50. b5 d3 51. b6 Rg7 52. h6 Rh7 53.
Rb5 Rf7+ 54. Kg2 d2 55. b7 d1=Q 56. b8=Q Qf1+ 0-1

[Event "BL 0405 SV Werder Bremen - SV Hofheim"]
[Site "?"]
[Date "2005.03.14"]
[Round "13.6"]
[White "Schandorff, Lars"]
[Black "Zude, Erik Dr"]
[Result "1/2-1/2"]
[WhiteElo "2510"]
[BlackElo "2385"]
[PlyCount "48"]
[EventDate "2005.??.??"]

1. d4 Nf6 2. c4 g6 3. Nc3 Bg7 4. e4 d6 5. Nf3 O-O 6. Be2 Na6 7. O-O e5 8. Be3
c6 9. d5 Ng4 10. Bg5 f6 11. Bh4 c5 12. Ne1 Nh6 13. Nd3 Qe8 14. Rb1 g5 15. Bg3
f5 16. exf5 Bxf5 17. f3 Qg6 18. Rc1 g4 19. Nf2 gxf3 20. Bxf3 Nb4 21. Bh5 Qg5
22. Bf3 Qg6 23. Bh5 Qg5 24. Bf3 Qg6 1/2-1/2

[Event "BL 0405 SV Werder Bremen - SV Hofheim"]
[Site "?"]
[Date "2005.03.14"]
[Round "13.7"]
[White "Burkart, Patrick"]
[Black "Knaak, Rainer"]
[Result "1-0"]
[WhiteElo "2338"]
[BlackElo "2486"]
[PlyCount "61"]
[EventDate "2005.??.??"]

1. d4 e6 2. Nf3 d5 3. c4 Nf6 4. e3 a6 5. Nbd2 Nbd7 6. Bd3 c5 7. O-O cxd4 8.
exd4 dxc4 9. Nxc4 Be7 10. Nce5 Nd5 11. a3 f6 12. Ng4 Nf8 13. Ne3 Bd7 14. Nxd5
exd5 15. Qb3 Bc6 16. Re1 Kf7 17. Bf5 g6 18. Bh3 h5 19. Bd2 Rh7 20. Re3 Bd6 21.
Rae1 Kg8 22. Bb4 a5 23. Bc5 Kh8 24. Qd3 Rg7 25. g3 b6 26. Bxd6 Qxd6 27. Nh4 Kh7
28. Ng2 Bd7 29. Bxd7 Rxd7 30. Nf4 Kg7 31. Re6 1-0

[Event "BL 0405 SV Werder Bremen - SV Hofheim"]
[Site "?"]
[Date "2005.03.14"]
[Round "13.8"]
[White "Skripchenko-Lautier, Almira"]
[Black "Haubt, Georg"]
[Result "0-1"]
[WhiteElo "2474"]
[BlackElo "2267"]
[PlyCount "50"]
[EventDate "2005.??.??"]

1. e4 e5 2. Nf3 Nc6 3. Bc4 d6 4. c3 g6 5. d4 Bg7 6. Be3 Qe7 7. dxe5 Nxe5 8.
Nxe5 dxe5 9. a4 Nf6 10. f3 O-O 11. a5 Be6 12. Qb3 Nxe4 13. Bxe6 fxe6 14. Qxb7
Qh4+ 15. g3 Nxg3 16. Bf2 Qf4 17. Bxg3 Qc1+ 18. Ke2 Qxh1 19. Qe4 Rad8 20. Be1
Qxh2+ 21. Bf2 Qh1 22. Be1 Bh6 23. Qc6 Rd6 24. Qe4 Rfd8 25. Qh4 Rd2+ 0-1

[Event "BL 0405 SV Wattenscheid - SC Kreuzberg"]
[Site "?"]
[Date "2005.03.13"]
[Round "13.1"]
[White "Nisipeanu, Liviu-Dieter"]
[Black "Nielsen, Peter-Heine"]
[Result "0-1"]
[WhiteElo "2687"]
[BlackElo "2663"]
[PlyCount "78"]
[EventDate "2005.??.??"]

1. c4 c5 2. Nf3 Nf6 3. Nc3 Nc6 4. e3 e5 5. b3 g6 6. Be2 Bg7 7. Ba3 d6 8. O-O
O-O 9. d3 b6 10. Nd2 Be6 11. Nde4 Nxe4 12. dxe4 Qd7 13. Bf3 a6 14. Qe2 Qb7 15.
Rfd1 Rfd8 16. Rab1 Rab8 17. b4 b5 18. cxb5 axb5 19. bxc5 b4 20. Bxb4 Nxb4 21.
a3 dxc5 22. Rxd8+ Rxd8 23. axb4 cxb4 24. Nd5 b3 25. Qd1 Rb8 26. h3 b2 27. Qc2
h5 28. g4 h4 29. Kg2 Kh7 30. Qd3 Qa7 31. Qc2 Qa2 32. Nc3 Qc4 33. Be2 Qc5 34.
Qd2 Qb4 35. Qd3 Qa5 36. Nd1 Rd8 37. Qb5 Qxb5 38. Bxb5 Bb3 39. Nxb2 Rb8 0-1

[Event "BL 0405 SV Wattenscheid - SC Kreuzberg"]
[Site "?"]
[Date "2005.03.13"]
[Round "13.4"]
[White "Appel, Ralf"]
[Black "Maiwald, Jens-Uwe"]
[Result "1-0"]
[WhiteElo "2507"]
[BlackElo "2514"]
[PlyCount "57"]
[EventDate "2005.??.??"]

1. d4 d6 2. c4 Nf6 3. Nc3 g6 4. Nf3 Bg7 5. g3 O-O 6. Bg2 Nc6 7. O-O Bf5 8. d5
Na5 9. Nd4 Bd7 10. b3 c5 11. dxc6 bxc6 12. Bb2 Rb8 13. Rb1 Qb6 14. Na4 Qa6 15.
c5 Rfd8 16. Rc1 d5 17. Nf3 Bg4 18. Be5 Rb4 19. Nb2 Bxf3 20. exf3 Ne8 21. Bxg7
Nxg7 22. Re1 Nf5 23. Bf1 Qb7 24. Qd2 Nd4 25. Rc3 Qb8 26. Rxe7 Nf5 27. Re2 Qc7
28. Bh3 Rd4 29. Qg5 1-0

[Event "BL 0405 SV Wattenscheid - SC Kreuzberg"]
[Site "?"]
[Date "2005.03.13"]
[Round "13.5"]
[White "Kalinitschew, Sergey"]
[Black "Holzke, Frank Dr"]
[Result "0-1"]
[WhiteElo "2533"]
[BlackElo "2492"]
[PlyCount "72"]
[EventDate "2005.??.??"]

1. Nf3 Nf6 2. c4 c5 3. Nc3 Nc6 4. e3 e5 5. Be2 d5 6. d4 e4 7. Ne5 Bd6 8. Qa4
O-O 9. Nxc6 bxc6 10. dxc5 Be5 11. Qxc6 Be6 12. cxd5 Nxd5 13. Nxd5 Bxd5 14. Qa4
Qc7 15. Qa3 Rfc8 16. O-O Bxh2+ 17. Kh1 Re8 18. Rd1 Bb7 19. Bd2 Re6 20. Ba5 Qe7
21. Bg4 Rh6 22. Bh3 Be5 23. Bc3 Bc8 24. Bxe5 Bxh3 25. Bf4 Rh5 26. Kg1 Qh4 27.
Bg3 Qg4 28. Qa5 h6 29. Rd8+ Kh7 30. Rd5 Rxd5 31. gxh3 Qxh3 32. Qb4 Qg4 33. Qb7
Rad8 34. Qxf7 Qh3 35. Bd6 R8xd6 36. cxd6 Rg5# 0-1